[Event "ODJM C 2025"]
[Site "Willingen GER"]
[Date "2025.06.11"]
[Round "6"]
[White "Winkler, Theo"]
[Black "Kudinov, Mykhailo"]
[Result "1-0"]
[Termination "normal"]
[Board "12"]
[WhiteElo "1466"]
[BlackElo "1139"]
[WhiteClock "01:28:56"]
[BlackClock "01:30:14"]
[PlyCount "29"]
[WhiteFideId "34622330"]
[BlackFideId "533034176"]
[EventCountry "GER"]
[EventRounds "9"]
[EventType "swiss"]
[EventDate "2025.06.07"]

1. e4 {[%clk 01:30:55]} {[%emt 00:00:04]} e6 {[%clk 01:30:56]} {[%emt
00:00:05]} 2. d4 {[%clk 01:31:12]} {[%emt 00:00:12]} d5 {[%clk 01:31:21]}
{[%emt 00:00:06]} 3. exd5 {[%clk 01:31:31]} {[%emt 00:00:10]} exd5 {[%clk
01:31:43]} {[%emt 00:00:08]} 4. Nf3 {[%clk 01:31:24]} {[%emt 00:00:37]} Bd6
{[%clk 01:31:21]} {[%emt 00:00:52]} 5. Nc3 {[%clk 01:29:23]} {[%emt 00:02:31]}
c6 {[%clk 01:31:37]} {[%emt 00:00:15]} 6. Bd3 {[%clk 01:28:47]} {[%emt
00:01:05]} Ne7 {[%clk 01:31:12]} {[%emt 00:00:56]} 7. O-O {[%clk 01:28:22]}
{[%emt 00:00:55]} O-O {[%clk 01:31:24]} {[%emt 00:00:17]} 8. Re1 {[%clk
01:28:31]} {[%emt 00:00:21]} Bg4 {[%clk 01:30:22]} {[%emt 00:01:32]} 9. Bxh7+
{[%clk 01:28:15]} {[%emt 00:00:46]} Kxh7 {[%clk 01:30:13]} {[%emt 00:00:40]}
10. Ng5+ {[%clk 01:28:36]} {[%emt 00:00:08]} Kg8 {[%clk 01:30:00]} {[%emt
00:00:44]} 11. Qxg4 {[%clk 01:28:49]} {[%emt 00:00:16]} Qc7 {[%clk 01:30:11]}
{[%emt 00:00:20]} 12. Qh5 {[%clk 01:28:26]} {[%emt 00:00:52]} Rd8 {[%clk
01:29:26]} {[%emt 00:01:16]} 13. Qh7+ {[%clk 01:28:33]} {[%emt 00:00:23]} Kf8
{[%clk 01:29:49]} {[%emt 00:00:07]} 14. Qh8+ {[%clk 01:28:56]} {[%emt
00:00:06]} Ng8 {[%clk 01:30:14]} {[%emt 00:00:06]} 15. Nh7# {[%emt 00:00:05]}
1-0

[Event "ODJM C 2025"]
[Site "Willingen GER"]
[Date "2025.06.11"]
[Round "6"]
[White "Kasten, Luna Seraphine"]
[Black "Christoffers, Julia Anne"]
[Result "1/2-1/2"]
[Termination "normal"]
[Board "13"]
[WhiteElo "1409"]
[BlackElo "1587"]
[WhiteClock "00:46:53"]
[BlackClock "00:15:58"]
[PlyCount "87"]
[WhiteFideId "34681639"]
[BlackFideId "16249895"]
[EventCountry "GER"]
[EventRounds "9"]
[EventType "swiss"]
[EventDate "2025.06.07"]

1. e4 {[%clk 01:30:53]} {[%emt 00:00:07]} e6 {[%clk 01:30:56]} {[%emt
00:00:05]} 2. d4 {[%clk 01:31:17]} {[%emt 00:00:06]} d5 {[%clk 01:31:23]}
{[%emt 00:00:03]} 3. Nd2 {[%clk 01:31:41]} {[%emt 00:00:06]} c5 {[%clk
01:30:44]} {[%emt 00:01:10]} 4. dxc5 {[%clk 01:31:33]} {[%emt 00:00:37]} Bxc5
{[%clk 01:31:07]} {[%emt 00:00:07]} 5. Bd3 {[%clk 01:31:47]} {[%emt 00:00:15]}
Qb6 {[%clk 01:28:21]} {[%emt 00:03:16]} 6. Qf3 {[%clk 01:31:28]} {[%emt
00:00:49]} Ne7 {[%clk 01:25:45]} {[%emt 00:03:07]} 7. Ne2 {[%clk 01:31:04]}
{[%emt 00:00:52]} Nbc6 {[%clk 01:23:38]} {[%emt 00:02:38]} 8. O-O {[%clk
01:30:59]} {[%emt 00:00:35]} O-O {[%clk 01:22:51]} {[%emt 00:01:18]} 9. Qf4
{[%clk 01:28:54]} {[%emt 00:02:33]} Ng6 {[%clk 01:18:21]} {[%emt 00:05:01]} 10.
Qg5 {[%clk 01:28:02]} {[%emt 00:01:21]} Rd8 {[%clk 01:08:31]} {[%emt 00:10:21]}
11. c3 {[%clk 01:22:35]} {[%emt 00:05:56]} Bd7 {[%clk 01:02:43]} {[%emt
00:06:20]} 12. exd5 {[%clk 01:19:32]} {[%emt 00:03:32]} exd5 {[%clk 00:54:35]}
{[%emt 00:08:39]} 13. Bxg6 {[%clk 01:17:46]} {[%emt 00:02:15]} hxg6 {[%clk
00:51:43]} {[%emt 00:03:23]} 14. b4 {[%clk 01:10:51]} {[%emt 00:07:25]} Qb5
{[%clk 00:48:36]} {[%emt 00:03:37]} 15. bxc5 {[%clk 01:06:47]} {[%emt
00:04:32]} Qxe2 {[%clk 00:48:53]} {[%emt 00:00:14]} 16. Qe3 {[%clk 01:05:04]}
{[%emt 00:02:12]} Re8 {[%clk 00:46:26]} {[%emt 00:02:58]} 17. Qxe2 {[%clk
01:05:16]} {[%emt 00:00:17]} Rxe2 {[%clk 00:46:54]} {[%emt 00:00:04]} 18. c4
{[%clk 01:04:30]} {[%emt 00:01:16]} dxc4 {[%clk 00:46:13]} {[%emt 00:01:10]}
19. Nxc4 {[%clk 01:03:32]} {[%emt 00:01:28]} Be6 {[%clk 00:46:12]} {[%emt
00:00:32]} 20. Ne3 {[%clk 01:02:54]} {[%emt 00:01:08]} Rxa2 {[%clk 00:45:03]}
{[%emt 00:01:39]} 21. Rxa2 {[%clk 01:02:34]} {[%emt 00:00:49]} Bxa2 {[%clk
00:45:27]} {[%emt 00:00:07]} 22. Rd1 {[%clk 01:02:15]} {[%emt 00:00:45]} Rc8
{[%clk 00:43:55]} {[%emt 00:02:06]} 23. Ba3 {[%clk 01:01:47]} {[%emt 00:00:57]}
Na5 {[%clk 00:40:47]} {[%emt 00:03:39]} 24. Rd2 {[%clk 01:00:24]} {[%emt
00:01:52]} Be6 {[%clk 00:39:18]} {[%emt 00:01:59]} 25. Nd5 {[%clk 00:59:14]}
{[%emt 00:01:40]} Nc6 {[%clk 00:35:48]} {[%emt 00:04:00]} 26. Nb4 {[%clk
00:56:41]} {[%emt 00:03:02]} Nxb4 {[%clk 00:34:02]} {[%emt 00:02:17]} 27. Bxb4
{[%clk 00:56:47]} {[%emt 00:00:23]} b6 {[%clk 00:34:25]} {[%emt 00:00:09]} 28.
Rc2 {[%clk 00:56:42]} {[%emt 00:00:32]} bxc5 {[%clk 00:32:40]} {[%emt
00:02:18]} 29. Rxc5 {[%clk 00:56:48]} {[%emt 00:00:23]} Rb8 {[%clk 00:29:43]}
{[%emt 00:03:26]} 30. Be1 {[%clk 00:56:23]} {[%emt 00:00:53]} Rb1 {[%clk
00:29:28]} {[%emt 00:00:48]} 31. Kf1 {[%clk 00:55:50]} {[%emt 00:01:03]} Kf8
{[%clk 00:28:45]} {[%emt 00:01:13]} 32. f3 {[%clk 00:52:26]} {[%emt 00:03:54]}
Ke8 {[%clk 00:28:12]} {[%emt 00:01:03]} 33. Ra5 {[%clk 00:52:14]} {[%emt
00:00:43]} Bc4+ {[%clk 00:27:57]} {[%emt 00:00:44]} 34. Kf2 {[%clk 00:52:19]}
{[%emt 00:00:25]} Rb2+ {[%clk 00:26:37]} {[%emt 00:01:50]} 35. Kg3 {[%clk
00:52:30]} {[%emt 00:00:18]} a6 {[%clk 00:26:56]} {[%emt 00:00:13]} 36. Bc3
{[%clk 00:52:20]} {[%emt 00:00:38]} Rb3 {[%clk 00:26:26]} {[%emt 00:01:01]} 37.
Bxg7 {[%clk 00:52:25]} {[%emt 00:00:25]} Kd7 {[%clk 00:23:54]} {[%emt
00:03:03]} 38. Ra4 {[%clk 00:50:23]} {[%emt 00:02:31]} Bb5 {[%clk 00:22:33]}
{[%emt 00:01:51]} 39. Rd4+ {[%clk 00:50:31]} {[%emt 00:00:21]} Kc7 {[%clk
00:21:41]} {[%emt 00:01:23]} 40. Be5+ {[%clk 00:50:36]} {[%emt 00:00:25]} Kc6
{[%clk 00:18:04]} {[%emt 00:04:07]} 41. Rd6+ {[%clk 00:48:54]} {[%emt
00:02:10]} Kc5 {[%clk 00:17:59]} {[%emt 00:00:31]} 42. Rd8 {[%clk 00:48:28]}
{[%emt 00:01:02]} a5 {[%clk 00:16:38]} {[%emt 00:01:52]} 43. Rf8 {[%clk
00:47:57]} {[%emt 00:00:59]} Bc4 {[%clk 00:15:58]} {[%emt 00:01:11]} 44. Kh4
{[%clk 00:46:53]} {[%emt 00:01:32]} 1/2-1/2

[Event "ODJM C 2025"]
[Site "Willingen GER"]
[Date "2025.06.11"]
[Round "6"]
[White "Tamke, Quintus"]
[Black "Kiesewetter, Lara"]
[Result "1-0"]
[Termination "normal"]
[Board "15"]
[WhiteElo "1201"]
[BlackElo "1131"]
[WhiteClock "00:54:25"]
[BlackClock "00:56:28"]
[PlyCount "47"]
[WhiteFideId "533015856"]
[BlackFideId "533043736"]
[EventCountry "GER"]
[EventRounds "9"]
[EventType "swiss"]
[EventDate "2025.06.07"]

1. d4 {[%clk 01:30:59]} {[%emt 04:08:30]} Nf6 {[%clk 01:30:54]} {[%emt
00:00:08]} 2. Bg5 {[%clk 01:31:22]} {[%emt 00:00:05]} g6 {[%clk 01:31:14]}
{[%emt 00:00:11]} 3. Bxf6 {[%clk 01:31:35]} {[%emt 00:00:17]} exf6 {[%clk
01:31:34]} {[%emt 00:00:09]} 4. e3 {[%clk 01:31:35]} {[%emt 00:00:30]} Bg7
{[%clk 01:31:54]} {[%emt 00:00:11]} 5. Nf3 {[%clk 01:31:13]} {[%emt 00:00:52]}
O-O {[%clk 01:32:08]} {[%emt 00:00:16]} 6. c4 {[%clk 01:30:47]} {[%emt
00:00:56]} d6 {[%clk 01:32:04]} {[%emt 00:00:34]} 7. Nc3 {[%clk 01:30:19]}
{[%emt 00:00:56]} f5 {[%clk 01:30:33]} {[%emt 00:02:03]} 8. Bd3 {[%clk
01:29:35]} {[%emt 00:01:13]} Re8 {[%clk 01:28:34]} {[%emt 00:02:29]} 9. O-O
{[%clk 01:28:57]} {[%emt 00:01:09]} Bd7 {[%clk 01:26:50]} {[%emt 00:02:14]} 10.
Re1 {[%clk 01:25:26]} {[%emt 00:04:01]} Nc6 {[%clk 01:25:04]} {[%emt 00:02:16]}
11. Rb1 {[%clk 01:22:15]} {[%emt 00:03:41]} a5 {[%clk 01:23:40]} {[%emt
00:01:54]} 12. a3 {[%clk 01:21:31]} {[%emt 00:01:15]} b6 {[%clk 01:16:38]}
{[%emt 00:07:32]} 13. b4 {[%clk 01:20:00]} {[%emt 00:02:00]} axb4 {[%clk
01:11:32]} {[%emt 00:05:36]} 14. axb4 {[%clk 01:20:18]} {[%emt 00:00:12]} Nb8
{[%clk 01:11:47]} {[%emt 00:00:15]} 15. Qc2 {[%clk 01:14:33]} {[%emt 00:06:16]}
Qc8 {[%clk 01:07:56]} {[%emt 00:04:20]} 16. Ra1 {[%clk 01:12:58]} {[%emt
00:02:05]} Nc6 {[%clk 01:05:29]} {[%emt 00:02:57]} 17. Rxa8 {[%clk 01:03:51]}
{[%emt 00:09:36]} Qxa8 {[%clk 01:05:51]} {[%emt 00:00:08]} 18. Qb2 {[%clk
01:03:33]} {[%emt 00:00:49]} f4 {[%clk 01:00:53]} {[%emt 00:05:29]} 19. d5
{[%clk 01:02:27]} {[%emt 00:01:35]} Ne5 {[%clk 00:58:58]} {[%emt 00:02:25]} 20.
Nxe5 {[%clk 01:01:44]} {[%emt 00:01:13]} Bxe5 {[%clk 00:59:20]} {[%emt
00:00:07]} 21. exf4 {[%clk 00:56:03]} {[%emt 00:06:12]} Bxf4 {[%clk 00:59:31]}
{[%emt 00:00:18]} 22. Ne4 {[%clk 00:55:10]} {[%emt 00:01:23]} Qd8 {[%clk
00:56:20]} {[%emt 00:03:42]} 23. Nf6+ {[%clk 00:54:25]} {[%emt 00:01:15]} Kf8
{[%clk 00:56:28]} {[%emt 00:00:21]} 24. Nxd7+ {[%emt 00:01:12]} 1-0

[Event "ODJM C 2025"]
[Site "Willingen GER"]
[Date "2025.06.11"]
[Round "6"]
[White "Romberg, Moritz"]
[Black "Lao, Theodora Siyuan"]
[Result "1-0"]
[Termination "normal"]
[Board "16"]
[WhiteElo "1565"]
[BlackElo "1587"]
[WhiteClock "01:23:40"]
[BlackClock "01:19:04"]
[PlyCount "139"]
[WhiteFideId "34676600"]
[BlackFideId "34667547"]
[EventCountry "GER"]
[EventRounds "9"]
[EventType "swiss"]
[EventDate "2025.06.07"]

1. d4 {[%clk 01:30:59]} d5 {[%clk 01:30:59]} {[%emt 00:00:02]} 2. c4 {[%clk
01:31:23]} {[%emt 00:00:07]} e6 {[%clk 01:31:17]} {[%emt 00:00:11]} 3. Nc3
{[%clk 01:31:47]} {[%emt 00:00:07]} Nf6 {[%clk 01:31:31]} {[%emt 00:00:14]} 4.
Bg5 {[%clk 01:31:58]} {[%emt 00:00:19]} Be7 {[%clk 01:31:50]} {[%emt 00:00:12]}
5. e3 {[%clk 01:32:14]} {[%emt 00:00:13]} Nbd7 {[%clk 01:32:05]} {[%emt
00:00:15]} 6. Nf3 {[%clk 01:32:23]} {[%emt 00:00:22]} O-O {[%clk 01:32:07]}
{[%emt 00:00:28]} 7. cxd5 {[%clk 01:31:55]} {[%emt 00:00:59]} exd5 {[%clk
01:32:25]} {[%emt 00:00:12]} 8. Bd3 {[%clk 01:31:51]} {[%emt 00:00:33]} c5
{[%clk 01:32:22]} {[%emt 00:00:32]} 9. O-O {[%clk 01:31:31]} {[%emt 00:00:50]}
c4 {[%clk 01:32:16]} {[%emt 00:00:36]} 10. Bc2 {[%clk 01:31:29]} {[%emt
00:00:32]} b6 {[%clk 01:29:57]} {[%emt 00:02:50]} 11. e4 {[%clk 01:27:32]}
{[%emt 00:04:27]} dxe4 {[%clk 01:29:00]} {[%emt 00:01:26]} 12. Bxf6 {[%clk
01:26:54]} {[%emt 00:01:09]} Nxf6 {[%clk 01:29:03]} {[%emt 00:00:26]} 13. Nxe4
{[%clk 01:27:02]} {[%emt 00:00:22]} Bb7 {[%clk 01:28:26]} {[%emt 00:01:07]} 14.
Qe2 {[%clk 01:26:23]} {[%emt 00:01:10]} Nxe4 {[%clk 01:27:51]} {[%emt
00:01:04]} 15. Bxe4 {[%clk 01:26:35]} {[%emt 00:00:18]} Bxe4 {[%clk 01:28:03]}
{[%emt 00:00:17]} 16. Qxe4 {[%clk 01:26:36]} {[%emt 00:00:30]} Qd6 {[%clk
01:27:10]} {[%emt 00:01:19]} 17. Rfe1 {[%clk 01:25:54]} {[%emt 00:01:17]} Rfe8
{[%clk 01:25:55]} {[%emt 00:01:45]} 18. Ng5 {[%clk 01:25:14]} {[%emt 00:01:10]}
Qg6 {[%clk 01:25:25]} {[%emt 00:00:53]} 19. Qxg6 {[%clk 01:24:29]} {[%emt
00:01:21]} hxg6 {[%clk 01:25:25]} {[%emt 00:00:30]} 20. Nf3 {[%clk 01:24:12]}
{[%emt 00:00:48]} Rad8 {[%clk 01:24:14]} {[%emt 00:01:39]} 21. Rac1 {[%clk
01:21:28]} {[%emt 00:03:15]} b5 {[%clk 01:22:04]} {[%emt 00:02:40]} 22. Ne5
{[%clk 01:18:23]} {[%emt 00:03:35]} Bf6 {[%clk 01:21:28]} {[%emt 00:01:04]} 23.
Nc6 {[%clk 01:18:24]} {[%emt 00:00:32]} Rxe1+ {[%clk 01:21:10]} {[%emt
00:00:47]} 24. Rxe1 {[%clk 01:18:40]} {[%emt 00:00:15]} Rd7 {[%clk 01:20:49]}
{[%emt 00:00:49]} 25. Re4 {[%clk 01:18:13]} {[%emt 00:00:59]} Rd6 {[%clk
01:19:49]} {[%emt 00:01:30]} 26. Nxa7 {[%clk 01:17:47]} {[%emt 00:00:56]} Rxd4
{[%clk 01:19:23]} {[%emt 00:00:56]} 27. Rxd4 {[%clk 01:17:48]} {[%emt
00:00:29]} Bxd4 {[%clk 01:19:45]} {[%emt 00:00:07]} 28. Nc6 {[%clk 01:17:02]}
{[%emt 00:01:17]} Bxb2 {[%clk 01:19:51]} {[%emt 00:00:24]} 29. Kf1 {[%clk
01:17:01]} {[%emt 00:00:30]} c3 {[%clk 01:20:16]} {[%emt 00:00:05]} 30. Nb4
{[%clk 01:17:18]} {[%emt 00:00:13]} f5 {[%clk 01:20:02]} {[%emt 00:00:44]} 31.
Ke2 {[%clk 01:17:15]} {[%emt 00:00:33]} Kf7 {[%clk 01:20:18]} {[%emt 00:00:14]}
32. Nd3 {[%clk 01:16:14]} {[%emt 00:01:32]} Ke6 {[%clk 01:19:19]} {[%emt
00:01:27]} 33. Kd1 {[%clk 01:16:21]} {[%emt 00:00:24]} Kd5 {[%clk 01:19:04]}
{[%emt 00:00:44]} 34. Nxb2 {[%clk 01:16:19]} {[%emt 00:00:33]} cxb2 {[%clk
01:19:24]} {[%emt 00:00:11]} 35. Kc2 {[%clk 01:16:47]} {[%emt 00:00:02]} Kc4
{[%clk 01:19:35]} {[%emt 00:00:17]} 36. Kxb2 {[%clk 01:17:06]} {[%emt
00:00:12]} b4 {[%clk 01:19:36]} {[%emt 00:00:29]} 37. Kc2 {[%clk 01:17:05]}
{[%emt 00:00:31]} g5 {[%clk 01:19:55]} {[%emt 00:00:11]} 38. f3 {[%clk
01:17:11]} {[%emt 00:00:25]} g4 {[%clk 01:19:35]} {[%emt 00:00:49]} 39. f4
{[%clk 01:16:40]} {[%emt 00:01:01]} g6 {[%clk 01:19:44]} {[%emt 00:00:21]} 40.
g3 {[%clk 01:16:48]} {[%emt 00:00:22]} Kd4 {[%clk 01:19:32]} {[%emt 00:00:43]}
41. Kb3 {[%clk 01:16:43]} {[%emt 00:00:35]} Kc5 {[%clk 01:19:53]} {[%emt
00:00:09]} 42. Kb2 {[%clk 01:17:03]} {[%emt 00:00:10]} Kc4 {[%clk 01:19:52]}
{[%emt 00:00:18]} 43. Kc2 {[%clk 01:17:28]} {[%emt 00:00:17]} Kd4 {[%clk
01:19:51]} {[%emt 00:00:29]} 44. Kb3 {[%clk 01:17:51]} {[%emt 00:00:09]} Kc5
{[%clk 01:20:12]} {[%emt 00:00:08]} 45. Kb2 {[%clk 01:18:17]} {[%emt 00:00:05]}
Kc4 {[%clk 01:20:31]} {[%emt 00:00:11]} 46. Kc2 {[%clk 01:18:41]} {[%emt
00:00:06]} Kb5 {[%clk 01:19:24]} {[%emt 00:01:57]} 47. Kb3 {[%clk 01:17:54]}
{[%emt 00:01:20]} Ka5 {[%clk 01:19:22]} {[%emt 00:00:31]} 48. a4 {[%clk
01:17:51]} {[%emt 00:00:33]} bxa3 {[%clk 01:19:31]} {[%emt 00:00:22]} 49. Kxa3
{[%clk 01:18:17]} {[%emt 00:00:04]} Kb5 {[%clk 01:19:46]} {[%emt 00:00:15]} 50.
Kb3 {[%clk 01:18:43]} {[%emt 00:00:05]} Kc5 {[%clk 01:19:59]} {[%emt 00:00:16]}
51. Kc3 {[%clk 01:19:07]} {[%emt 00:00:06]} Kd5 {[%clk 01:20:17]} {[%emt
00:00:12]} 52. Kd3 {[%clk 01:19:32]} {[%emt 00:00:05]} Ke6 {[%clk 01:19:24]}
{[%emt 00:01:23]} 53. Kc4 {[%clk 01:19:55]} {[%emt 00:00:07]} Kf6 {[%clk
01:19:33]} {[%emt 00:00:20]} 54. Kd5 {[%clk 01:19:52]} {[%emt 00:00:34]} g5
{[%clk 01:19:56]} {[%emt 00:00:07]} 55. Kd6 {[%clk 01:19:50]} {[%emt 00:00:33]}
Kf7 {[%clk 01:18:29]} {[%emt 00:01:56]} 56. Ke5 {[%clk 01:20:03]} {[%emt
00:00:18]} gxf4 {[%clk 01:18:36]} {[%emt 00:00:22]} 57. gxf4 {[%clk 01:20:13]}
{[%emt 00:00:21]} Kg6 {[%clk 01:18:44]} {[%emt 00:00:14]} 58. Ke6 {[%clk
01:20:31]} {[%emt 00:00:19]} Kh5 {[%clk 01:18:33]} {[%emt 00:00:40]} 59. Kxf5
{[%clk 01:20:44]} {[%emt 00:00:18]} Kh4 {[%clk 01:18:38]} {[%emt 00:00:25]} 60.
Kg6 {[%clk 01:21:03]} {[%emt 00:00:12]} Kh3 {[%clk 01:18:56]} {[%emt 00:00:11]}
61. Kg5 {[%clk 01:20:30]} {[%emt 00:01:03]} g3 {[%clk 01:17:21]} {[%emt
00:02:05]} 62. hxg3 {[%clk 01:20:54]} {[%emt 00:00:07]} Kxg3 {[%clk 01:17:44]}
{[%emt 00:00:06]} 63. f5 {[%clk 01:21:22]} {[%emt 00:00:02]} Kf3 {[%clk
01:18:03]} {[%emt 00:00:10]} 64. f6 {[%clk 01:21:45]} {[%emt 00:00:08]} Ke4
{[%clk 01:18:21]} {[%emt 00:00:12]} 65. f7 {[%clk 01:22:12]} {[%emt 00:00:03]}
Ke5 {[%clk 01:18:42]} {[%emt 00:00:09]} 66. f8=Q {[%clk 01:22:36]} {[%emt
00:00:05]} Ke6 {[%clk 01:18:55]} {[%emt 00:00:17]} 67. Qc5 {[%clk 01:22:58]}
{[%emt 00:00:09]} Kd7 {[%clk 01:19:14]} {[%emt 00:00:11]} 68. Kf6 {[%clk
01:23:20]} {[%emt 00:00:07]} Kd8 {[%clk 01:19:04]} {[%emt 00:00:41]} 69. Ke6
{[%clk 01:23:40]} {[%emt 00:00:11]} Ke8 {[%emt 00:00:38]} 70. Qc8# 1-0

[Event "ODJM C 2025"]
[Site "Willingen GER"]
[Date "2025.06.11"]
[Round "6"]
[White "Stelter, Torge"]
[Black "Hirtzel, Amelie Meiyan"]
[Result "1/2-1/2"]
[Termination "normal"]
[Board "17"]
[WhiteElo "1246"]
[BlackElo "1172"]
[WhiteClock "01:19:04"]
[BlackClock "00:57:42"]
[PlyCount "51"]
[WhiteFideId "533043698"]
[BlackFideId "533001898"]
[EventCountry "GER"]
[EventRounds "9"]
[EventType "swiss"]
[EventDate "2025.06.07"]

1. e4 {[%clk 01:30:59]} d5 {[%clk 01:30:56]} {[%emt 00:00:05]} 2. exd5 {[%clk
01:31:24]} {[%emt 00:00:06]} Qxd5 {[%clk 01:31:19]} {[%emt 00:00:06]} 3. Nc3
{[%clk 01:31:53]} {[%emt 00:00:01]} Qa5 {[%clk 01:31:32]} {[%emt 00:00:17]} 4.
Nf3 {[%clk 01:32:13]} {[%emt 00:00:10]} c6 {[%clk 01:31:42]} {[%emt 00:00:20]}
5. d4 {[%clk 01:32:14]} {[%emt 00:00:29]} Nf6 {[%clk 01:31:38]} {[%emt
00:00:33]} 6. Bd3 {[%clk 01:32:21]} {[%emt 00:00:23]} g6 {[%clk 01:31:23]}
{[%emt 00:00:45]} 7. Bd2 {[%clk 01:31:44]} {[%emt 00:01:07]} Qc7 {[%clk
01:31:28]} {[%emt 00:00:26]} 8. Qe2 {[%clk 01:31:43]} {[%emt 00:00:31]} Bg7
{[%clk 01:30:53]} {[%emt 00:01:05]} 9. Qe5 {[%clk 01:31:10]} {[%emt 00:01:03]}
Qxe5+ {[%clk 01:30:02]} {[%emt 00:01:21]} 10. dxe5 {[%clk 01:31:00]} {[%emt
00:00:41]} Nd5 {[%clk 01:29:01]} {[%emt 00:01:30]} 11. Nxd5 {[%clk 01:31:01]}
{[%emt 00:00:29]} cxd5 {[%clk 01:29:18]} {[%emt 00:00:13]} 12. O-O {[%clk
01:31:10]} {[%emt 00:00:21]} O-O {[%clk 01:28:57]} {[%emt 00:00:50]} 13. Rfe1
{[%clk 01:31:14]} {[%emt 00:00:27]} e6 {[%clk 01:24:09]} {[%emt 00:05:18]} 14.
Bb5 {[%clk 01:23:37]} {[%emt 00:08:04]} a6 {[%clk 01:23:33]} {[%emt 00:01:09]}
15. Ba4 {[%clk 01:23:23]} {[%emt 00:00:44]} b5 {[%clk 01:23:19]} {[%emt
00:00:43]} 16. Bb3 {[%clk 01:23:42]} {[%emt 00:00:11]} Bb7 {[%clk 01:21:00]}
{[%emt 00:02:49]} 17. a4 {[%emt 00:01:36]} bxa4 {[%clk 01:17:31]} {[%emt
00:03:58]} 18. Bxa4 {[%clk 01:22:50]} {[%emt 00:00:17]} Nc6 {[%clk 01:12:54]}
{[%emt 00:05:07]} 19. c3 {[%clk 01:20:59]} {[%emt 00:02:22]} Rfc8 {[%clk
01:06:58]} {[%emt 00:06:26]} 20. Bxc6 {[%clk 01:19:09]} {[%emt 00:02:20]} Bxc6
{[%clk 01:05:43]} {[%emt 00:01:45]} 21. Nd4 {[%clk 01:19:15]} {[%emt 00:00:24]}
Bb7 {[%clk 01:05:41]} {[%emt 00:00:32]} 22. Nb3 {[%clk 01:18:52]} {[%emt
00:00:52]} Kf8 {[%clk 00:58:21]} {[%emt 00:07:50]} 23. Na5 {[%clk 01:18:45]}
{[%emt 00:00:37]} Bc6 {[%clk 00:58:02]} {[%emt 00:00:49]} 24. Nxc6 {[%clk
01:19:08]} {[%emt 00:00:07]} Rxc6 {[%clk 00:58:24]} {[%emt 00:00:08]} 25. f4
{[%clk 01:19:34]} {[%emt 00:00:04]} Ke7 {[%clk 00:57:42]} {[%emt 00:01:12]} 26.
Ra5 {[%clk 01:19:04]} {[%emt 00:00:59]} 1/2-1/2